000 00601nam a2200193 a 4500
003 BD-DhJNU
005 20250506070444.0
008 250401s2005 ii a b 001 0 eng
020 _a8189013335
040 _aBD-DhJNU
_bENG
_cBD-DhJNU
_dBD-DhJNU
082 0 0 _a305.4 WOM
_223
245 1 0 _aWomen, citizenship and difference /
_cEdited by Pnina Werbner, Nira Yuval-Davis
260 _aNew Delhi :
_bZubaan,
_c2005.
300 _axii, 271 p. :
_bill. ;
_c23 cm.
504 _aIncludes bibliographical references and index.
650 0 _aCitizenship
700 1 _aDavis, Nira Yuval-
_eEditor
942 _cBK
999 _c1665
_d1665